000 01000nam a2200289 i 4500
001 bg
003 BPK
005 20200907133941.0
008 010314s2000 pl a f f |000 0 pol
015 _aPB 2001/5828
020 _a8320426014
040 _aWA N
_cBPK
041 0 _apol
080 _a621.01
080 _a(075.8)
245 0 0 _aPodstawy konstrukcji maszyn :
_bprzykłady obliczeń /
_cRyszard Knosala [et al.].
260 _aWarszawa :
_bWydawnictwa Naukowo-Techniczne,
_c2000.
300 _a249, [1] s. :
_bil. ;
_c24 cm.
504 _aBibliogr.
521 8 _aDla studentów wydz. mechanicznych i wydz. pokrewnych uczelni technicznych.
650 4 _aMaszyny
_xbudowa i konstrukcje.
655 4 _aPodręczniki akademickie
710 2 _aWydawnictwa Naukowo-Techniczne
_4pbl.
700 1 _aKnosala, Ryszard
_d(1949- )
_eAutor
856 _uhttp://koha.tu.koszalin.pl/cgi-bin/koha/opac-detail.pl?biblionumber=46487
_yKatalog online BPK
942 _2UKD
_cKS
999 _c46487
_d46487